Impact of safety management practices on safety behavior among lift maintenance workers /
Saved in:
| Main Author: | |
|---|---|
| Format: | Thesis Book |
| Language: | English |
| Published: |
2023.
|
| Tags: |
Add Tag
No Tags, Be the first to tag this record!
|
| LEADER | 00973nam a2200265 i 4500 | ||
|---|---|---|---|
| 001 | u1161981 | ||
| 003 | SIRSI | ||
| 005 | 202210171510 | ||
| 008 | 221017s2023 my a m 000 0 eng | ||
| 040 | |a UMM |e rda | ||
| 097 | |a TP7 |b UM 2023 Saij | ||
| 100 | 0 | |a Saifuladili Jaafar, |e author. | |
| 245 | 1 | 0 | |a Impact of safety management practices on safety behavior among lift maintenance workers / |c Saifuladili Jaafar. |
| 264 | 1 | |c 2023. | |
| 300 | |a xi, 74 leaves : |b illustrations ; |c 30 cm | ||
| 336 | |a text |2 rdacontent | ||
| 337 | |a unmediated |2 rdamedia | ||
| 338 | |a volume |2 rdacarrier | ||
| 502 | |b M.Eng. |c Jabatan Kejuruteraan Kimia, Fakulti Kejuruteraan, Universiti Malaya |d 2023. | ||
| 504 | |a Bibliography: leaves 70-74. | ||
| 650 | 0 | ||
| 650 | 0 | ||
| 710 | 2 | |a Universiti Malaya. |b Jabatan Kejuruteraan Kimia, |e degree granting institution. | |
| 596 | |a 7 | ||
| 999 | |a XX(1161981.1) |w LC |c 1 |i 1161981-1001 |l INPROCESS |m P07JURUTER |r Y |s Y |t TESIS |u 15/5/2023 |o .STAFF. Tiada Cd disertakan | ||
